[Event "CAN-op"]
[Site "Kitchener CAN"]
[Date "2006.07.16"]
[Round "2"]
[White "Chan, James"]
[Black "Hecht, Hans Joachim"]
[Result "0-1"]
[WhiteElo "2058"]
[BlackElo "2394"]
[PlyCount "78"]
[EventDate "2006.07.15"]
[EventType "swiss"]
[EventRounds "9"]
[EventCountry "CAN"]

1. e4 e6 2. d4 d5 3. e5 c5 4. c3 Nc6 5. Nf3 Bd7 6. a3 Nge7 7. Bd3 cxd4 8. cxd4
Nf5 9. Bc2 Qb6 10. Bxf5 exf5 11. Nc3 Be6 12. O-O Be7 13. b4 O-O 14. Qd3 Rfc8
15. Rd1 Qd8 16. Bb2 Nb8 17. Rac1 Nd7 18. Na4 Nb6 19. Nxb6 Qxb6 20. Nd2 a5 21.
b5 a4 22. Nb1 Bg5 23. Rxc8+ Rxc8 24. Nc3 Rc4 25. g3 Be7 26. Kg2 g6 27. f3 Qc7
28. Rc1 Qd7 29. Qd1 Bg5 30. f4 Bd8 31. Rc2 Ba5 32. Rc1 Bb6 33. Nxa4 Qxb5 34.
Rxc4 dxc4 35. Bc3 Qd5+ 36. Kh3 Ba7 37. Nb2 Qe4 38. Qa4 Bd5 39. Qe8+ Kg7 0-1

[Event "CAN-op"]
[Site "Kitchener CAN"]
[Date "2006.07.16"]
[Round "2"]
[White "Demmery, Steve"]
[Black "Wong, Wylon"]
[Result "1-0"]
[WhiteElo "2097"]
[BlackElo "1989"]
[PlyCount "55"]
[EventDate "2006.07.15"]
[EventType "swiss"]
[EventRounds "9"]
[EventCountry "CAN"]

1. d4 Nf6 2. c4 g6 3. Nc3 Bg7 4. e4 d6 5. f4 c5 6. d5 O-O 7. Nf3 e6 8. Be2 Re8
9. O-O exd5 10. exd5 Ne4 11. Nxe4 Rxe4 12. Bd3 Re7 13. f5 Qe8 14. Bg5 Bxb2 15.
Rb1 f6 16. Rxb2 fxg5 17. fxg6 hxg6 18. Nxg5 Nd7 19. Rbf2 Ne5 20. Ne4 Qd8 21.
Qd2 Nxd3 22. Qxd3 Bf5 23. Nf6+ Kg7 24. Rxf5 gxf5 25. Qxf5 Kf8 26. Qg6 Rg7 27.
Nh5+ Kg8 28. Qxg7# 1-0

[Event "CAN-op"]
[Site "Kitchener CAN"]
[Date "2006.07.16"]
[Round "2"]
[White "Doubleday, William"]
[Black "Gokhale, Chandrashekhar"]
[Result "1/2-1/2"]
[WhiteElo "2129"]
[BlackElo "2371"]
[PlyCount "91"]
[EventDate "2006.07.15"]
[EventType "swiss"]
[EventRounds "9"]
[EventCountry "CAN"]

1. d4 Nf6 2. c4 e6 3. Nc3 d5 4. Bg5 Be7 5. cxd5 exd5 6. e3 c6 7. Bd3 Nbd7 8.
Nge2 Nf8 9. Bh4 Ne6 10. f3 O-O 11. O-O Re8 12. Bf2 g6 13. Qd2 Nh5 14. Rad1 Bh4
15. Bb1 Bxf2+ 16. Rxf2 Nhg7 17. e4 Nc7 18. h3 Qh4 19. Qf4 Qxf4 20. Nxf4 Nge6
21. Nfe2 Rd8 22. a3 Ng7 23. g4 Be6 24. e5 Rf8 25. Kg2 f5 26. Kg3 Rf7 27. f4
Raf8 28. g5 Nh5+ 29. Kf3 Bc8 30. Bd3 b6 31. h4 Ne6 32. Ke3 Bb7 33. b4 h6 34.
Nb1 Rh7 35. Rh2 Kf7 36. Nd2 Nhg7 37. gxh6 Rxh6 38. Nf3 Rfh8 39. Rg1 Ra8 40. Rb1
Nh5 41. Rhh1 Nhg7 42. a4 Rhh8 43. a5 Bc8 44. Ra1 Bd7 45. Ra3 b5 46. Raa1
1/2-1/2

[Event "CAN-op"]
[Site "Kitchener CAN"]
[Date "2006.07.16"]
[Round "2"]
[White "Estrada, Julian"]
[Black "Upper, John"]
[Result "1-0"]
[WhiteElo "2370"]
[BlackElo "1993"]
[PlyCount "119"]
[EventDate "2006.07.15"]
[EventType "swiss"]
[EventRounds "9"]
[EventCountry "CAN"]

1. e4 e6 2. d4 d5 3. Nd2 Nf6 4. e5 Nfd7 5. Bd3 c5 6. c3 Nc6 7. Ne2 Qb6 8. Nf3
cxd4 9. cxd4 Bb4+ 10. Bd2 Bxd2+ 11. Qxd2 Qb4 12. Rc1 Qxd2+ 13. Kxd2 f6 14. exf6
gxf6 15. Nf4 Kf7 16. Rhe1 Nb6 17. g4 Rg8 18. h3 h6 19. Bb5 Bd7 20. Nd3 a6 21.
Bxc6 Bxc6 22. b3 Nd7 23. Rc3 Rac8 24. Nf4 Nf8 25. Rce3 Re8 26. a4 Bd7 27. Nd3
Ng6 28. h4 Bc8 29. g5 hxg5 30. hxg5 fxg5 31. Nxg5+ Kf6 32. Nf3 Ke7 33. Nfe5
Nxe5 34. Nxe5 Ref8 35. R1e2 Rf4 36. Kc3 Kd6 37. Rg3 Rgf8 38. f3 Bd7 39. Kd3 b5
40. Ke3 bxa4 41. bxa4 R4f6 42. Rb2 Bxa4 43. Rb6+ Kc7 44. Rxa6 Be8 45. Rg7+ Kb8
46. Rd6 Kc8 47. Ra6 Kb8 48. Raa7 Rh8 49. Rae7 Kc8 50. Ng4 Rff8 51. Rxe6 Bd7 52.
Rf6 Bxg4 53. Rxf8+ Rxf8 54. fxg4 Re8+ 55. Kd3 Re4 56. g5 Kd8 57. Rf7 Re1 58.
Rf5 Rd1+ 59. Ke3 Re1+ 60. Kf2 1-0

[Event "CAN-op"]
[Site "Kitchener CAN"]
[Date "2006.07.16"]
[Round "2"]
[White "Hamilton, Robert"]
[Black "Davies, Noam"]
[Result "1-0"]
[WhiteElo "2333"]
[BlackElo "2101"]
[PlyCount "97"]
[EventDate "2006.07.15"]
[EventType "swiss"]
[EventRounds "9"]
[EventCountry "CAN"]

1. d4 Nf6 2. c4 g6 3. Nc3 d5 4. cxd5 Nxd5 5. Bd2 Bg7 6. e4 Nb6 7. Be3 Nc6 8. d5
Ne5 9. f4 Ng4 10. Bb5+ Bd7 11. Qxg4 c6 12. Qe2 cxb5 13. Nf3 Nc4 14. Bd4 Bxd4
15. Nxd4 Qb6 16. Rd1 Rc8 17. O-O Qc5 18. Rd3 b4 19. Nd1 Bb5 20. Nf2 Ba6 21. Rc1
Qb6 22. b3 Nd6 23. Rxc8+ Nxc8 24. Qc2 O-O 25. Rd1 Nd6 26. Qd2 Rc8 27. h3 Qc5
28. e5 Ne8 29. Nf3 Rd8 30. Kh2 b6 31. f5 Bb7 32. Nd3 Qxd5 33. Qh6 Rd7 34. Nf2
Qc6 35. Rxd7 Qxd7 36. Ng5 Nf6 37. Ng4 Qd5 38. Nxf6+ exf6 39. Qxh7+ Kf8 40. Qh8+
Ke7 41. Qxf6+ Ke8 42. Nf3 gxf5 43. Qxf5 a5 44. h4 a4 45. h5 axb3 46. axb3 Qxb3
47. h6 Kf8 48. Qg5 Be4 49. Qd8# 1-0

[Event "CAN-op"]
[Site "Kitchener CAN"]
[Date "2006.07.16"]
[Round "2"]
[White "Henry, Liam"]
[Black "Becker, Paul"]
[Result "1/2-1/2"]
[WhiteElo "2090"]
[BlackElo "1976"]
[PlyCount "154"]
[EventDate "2006.07.15"]
[EventType "swiss"]
[EventRounds "9"]
[EventCountry "CAN"]

1. e4 e6 2. d4 d5 3. Nc3 Nf6 4. Bg5 dxe4 5. Nxe4 Be7 6. Bxf6 gxf6 7. Nf3 f5 8.
Nc3 Bf6 9. Qd2 a6 10. O-O-O b5 11. Kb1 Bb7 12. Qe3 b4 13. Na4 Bd5 14. Ne5 Nd7
15. Bd3 Bxe5 16. dxe5 Rg8 17. Bxf5 Qg5 18. Qxg5 Rxg5 19. Bxh7 Rxg2 20. Rd4 c5
21. Rxd5 exd5 22. Bf5 Nxe5 23. Re1 Kf8 24. b3 Nf3 25. Rd1 Nd4 26. Bd3 Ne6 27.
Bf5 Rd8 28. Bxe6 fxe6 29. Nxc5 Rd6 30. Re1 Kf7 31. Nd3 Kf6 32. Re3 Rxh2 33.
Rf3+ Kg5 34. Ne5 Rb6 35. Rf8 Rh7 36. f4+ Kh4 37. Rg8 Kh3 38. Rg6 Rh4 39. Nd3
Rh5 40. Nf2+ Kh2 41. Ng4+ Kh3 42. Ne3 Rh4 43. Kb2 Rd6 44. Nf5 exf5 45. Rxd6
Rxf4 46. Rxd5 Kg4 47. Ra5 Re4 48. Rxa6 f4 49. a3 bxa3+ 50. Kxa3 f3 51. Rg6+ Kf5
52. Rg1 f2 53. Rf1 Re2 54. c4 Ke5 55. Kb4 Kd6 56. Kb5 Kc7 57. b4 Ra2 58. c5 Re2
59. Kc4 Re4+ 60. Kd5 Re2 61. b5 Rd2+ 62. Ke4 Rb2 63. Kd5 Rd2+ 64. Kc4 Rc2+ 65.
Kd4 Rb2 66. Kc4 Rc2+ 67. Kb4 Rb2+ 68. Ka4 Ra2+ 69. Kb3 Re2 70. Kc3 Kb7 71. Kd3
Rb2 72. Kc4 Rc2+ 73. Kb3 Re2 74. Kc3 Kc7 75. Kd3 Rb2 76. Kd4 Re2 77. Kd3 Rb2
1/2-1/2

[Event "CAN-op"]
[Site "Kitchener CAN"]
[Date "2006.07.16"]
[Round "2"]
[White "Kazmaier, Daniel"]
[Black "Swathi, Ghate"]
[Result "1-0"]
[WhiteElo "2141"]
[BlackElo "2379"]
[PlyCount "66"]
[EventDate "2006.07.15"]
[EventType "swiss"]
[EventRounds "9"]
[EventCountry "CAN"]

1. e4 c5 2. d4 cxd4 3. c3 d3 4. Bxd3 Nc6 5. f4 d6 6. Nf3 Qc7 7. Be3 Nf6 8. Nbd2
g6 9. h3 Bg7 10. O-O O-O 11. g4 b6 12. Qe1 h5 13. Qh4 hxg4 14. Ng5 Rd8 15. Bc4
d5 16. exd5 Nxd5 17. Bxd5 Rxd5 18. hxg4 Nd8 19. Nde4 Qd7 20. f5 gxf5 21. Ng3 f4
22. Rxf4 Rxg5 23. Qxg5 Ne6 24. Qf5 Nxf4 25. Bxf4 Qc6 26. Qh5 Bb7 27. Qh2 Qf3
28. Nh5 Qxg4+ 29. Kf2 Qf3+ 30. Kg1 Rc8 31. Rf1 Qg4+ 32. Kf2 Rc6 33. Rg1 Qf3+
1-0

[Event "CAN-op"]
[Site "Kitchener CAN"]
[Date "2006.07.16"]
[Round "2"]
[White "Kunte, Abhijit"]
[Black "Predescu, Sebastian"]
[Result "1-0"]
[WhiteElo "2535"]
[BlackElo "2267"]
[PlyCount "81"]
[EventDate "2006.07.15"]
[EventType "swiss"]
[EventRounds "9"]
[EventCountry "CAN"]

1. d4 Nf6 2. c4 g6 3. Nf3 Bg7 4. g3 O-O 5. Bg2 d6 6. O-O c5 7. d5 e6 8. Nc3
exd5 9. cxd5 Na6 10. h3 Nc7 11. a4 b6 12. e4 Nd7 13. Bf4 Ne5 14. Nxe5 dxe5 15.
Be3 Qd6 16. f4 Bd7 17. f5 f6 18. Qd2 a6 19. a5 Rfb8 20. Qf2 Nb5 21. Nxb5 axb5
22. axb6 Bf8 23. Rxa8 Rxa8 24. fxg6 hxg6 25. Qxf6 Qxf6 26. Rxf6 Kg7 27. b7 Rb8
28. Rb6 Be7 29. Bf1 Bd8 30. Ra6 Rxb7 31. Bxc5 Bf6 32. Ra7 Rxa7 33. Bxa7 Be7 34.
Kf2 Bd6 35. Be3 Be7 36. h4 Be8 37. Bh3 Bd6 38. Ke2 Be7 39. Kd2 Bb4+ 40. Kc2 Kf7
41. Kb3 1-0

[Event "CAN-op"]
[Site "Kitchener CAN"]
[Date "2006.07.16"]
[Round "2"]
[White "Milicevic, Goran"]
[Black "Hurley, Paul"]
[Result "1-0"]
[WhiteElo "2305"]
[BlackElo "2098"]
[PlyCount "51"]
[EventDate "2006.07.15"]
[EventType "swiss"]
[EventRounds "9"]
[EventCountry "CAN"]

1. e4 c5 2. Nf3 e6 3. c3 Nc6 4. d4 cxd4 5. cxd4 d5 6. e5 Bd7 7. Be2 f6 8. O-O
Qc7 9. Nc3 a6 10. Bf4 Nge7 11. Bg3 f5 12. h4 g6 13. Qd2 h6 14. Rac1 Qa5 15. a3
b5 16. Bf4 b4 17. axb4 Qxb4 18. Ra1 Rb8 19. Bxa6 Na5 20. Nb5 Nec6 21. Qd3 Nb3
22. Rad1 Nca5 23. Nd6+ Bxd6 24. exd6 Nc4 25. Qe2 Nxd6 26. Qe5 1-0

[Event "CAN-op"]
[Site "Kitchener CAN"]
[Date "2006.07.16"]
[Round "2"]
[White "Semyonov, Vladimir"]
[Black "Mikanovic, Goran"]
[Result "0-1"]
[WhiteElo "2089"]
[BlackElo "2284"]
[PlyCount "64"]
[EventDate "2006.07.15"]
[EventType "swiss"]
[EventRounds "9"]
[EventCountry "CAN"]

1. c4 e5 2. Nc3 Nf6 3. Nf3 Nc6 4. g3 g6 5. Bg2 Bg7 6. O-O O-O 7. d3 d6 8. a3 h6
9. Rb1 Be6 10. b4 Qd7 11. b5 Ne7 12. Re1 Nh5 13. Qb3 f5 14. Nd2 Qc8 15. a4 Rb8
16. Ba3 Nf6 17. a5 b6 18. Qa4 f4 19. Nde4 Nf5 20. Nxf6+ Rxf6 21. Nd5 Rf7 22.
Bb2 fxg3 23. hxg3 Qf8 24. axb6 axb6 25. Ra1 h5 26. Nb4 h4 27. Qa8 hxg3 28. Qxb8
gxf2+ 29. Kxf2 Qxb8 30. Ra8 Qxa8 31. Bxa8 Bh6 32. Kg2 Bd2 0-1

[Event "CAN-op"]
[Site "Kitchener CAN"]
[Date "2006.07.16"]
[Round "2"]
[White "Yoos, John"]
[Black "Gulati, Justin"]
[Result "1-0"]
[WhiteElo "2373"]
[BlackElo "2132"]
[PlyCount "85"]
[EventDate "2006.07.15"]
[EventType "swiss"]
[EventRounds "9"]
[EventCountry "CAN"]

1. e4 g6 2. d4 Bg7 3. Nf3 d6 4. Nc3 a6 5. Be3 b5 6. Bd3 Bb7 7. Qd2 Nd7 8. a4 b4
9. Ne2 c5 10. Ng3 Qc7 11. c3 c4 12. Be2 Ngf6 13. Bh6 bxc3 14. bxc3 Bxh6 15.
Qxh6 Bxe4 16. Nxe4 Nxe4 17. Qg7 Rf8 18. O-O Ndf6 19. Rfe1 Rg8 20. Qh6 g5 21. g4
Qd7 22. Ne5 dxe5 23. dxe5 Rg6 24. Qh3 Qa7 25. Qg2 Nxc3 26. Bf3 Rd8 27. exf6
Rxf6 28. Re5 h6 29. Rae1 e6 30. h4 gxh4 31. Rf5 Qd4 32. Bb7 Rg6 33. g5 Kf8 34.
Rfe5 f6 35. Qf3 Rxg5+ 36. Kh1 Rg6 37. Rxe6 Nxa4 38. Qc6 Rg5 39. Rxf6+ Kg8 40.
Qe6+ Kh8 41. Rxh6+ Kg7 42. Be4 Kf8 43. Rf6+ 1-0

[Event "CAN-op"]
[Site "Kitchener CAN"]
[Date "2006.07.17"]
[Round "3"]
[White "Cleto, Sam"]
[Black "Sadoway, Steven"]
[Result "0-1"]
[WhiteElo "1870"]
[BlackElo "2037"]
[PlyCount "86"]
[EventDate "2006.07.15"]
[EventType "swiss"]
[EventRounds "9"]
[EventCountry "CAN"]

1. Nf3 f5 2. g3 Nf6 3. d4 e6 4. Bg2 Be7 5. c4 O-O 6. Nc3 d5 7. cxd5 exd5 8. Bg5
c6 9. O-O Nbd7 10. Qb3 h6 11. Bf4 Qe8 12. Bc7 Kh8 13. e3 Qh5 14. Ne2 g5 15. Qc2
Ne4 16. Ne5 Nd6 17. g4 Qe8 18. f3 Nxe5 19. dxe5 Nb5 20. Ba5 b6 21. Bc3 fxg4 22.
fxg4 Bxg4 23. Rxf8+ Bxf8 24. Ng3 Nxc3 25. Qxc3 Bg7 26. Qb4 Be6 27. Qc3 Bd7 28.
Rf1 Qxe5 29. Qa3 c5 30. Nh5 Bg4 31. Nxg7 Kxg7 32. Qa6 Qxe3+ 33. Kh1 Qe7 34.
Bxd5 Rf8 35. Rxf8 Kxf8 36. Qf1+ Kg7 37. b3 Qf6 38. Qe1 Bf3+ 39. Bxf3 Qxf3+ 40.
Kg1 Qg4+ 41. Kh1 Kf6 42. Qc3+ Kf5 43. Qd3+ Qe4+ 0-1

[Event "CAN-op"]
[Site "Kitchener CAN"]
[Date "2006.07.17"]
[Round "3"]
[White "Corrales, Fidel"]
[Black "Milicevic, Goran"]
[Result "1-0"]
[WhiteElo "2492"]
[BlackElo "2305"]
[PlyCount "89"]
[EventDate "2006.07.15"]
[EventType "swiss"]
[EventRounds "9"]
[EventCountry "CAN"]

1. e4 e6 2. d4 d5 3. Nc3 Bb4 4. e5 c5 5. a3 Bxc3+ 6. bxc3 Ne7 7. Qg4 O-O 8. Bd3
f5 9. exf6 Rxf6 10. Bg5 Rf7 11. Qh5 g6 12. Qd1 Qa5 13. Nf3 Nbc6 14. Bd2 Qc7 15.
O-O e5 16. Nxe5 Nxe5 17. dxe5 Qxe5 18. c4 d4 19. f4 Qc7 20. Qf3 Bf5 21. Rae1
Qc6 22. Qe2 h5 23. Qe5 Rd8 24. Rf2 b6 25. Rfe2 Rd6 26. h3 Qd7 27. Bxf5 Nxf5 28.
Qe4 Qc6 29. Qd3 h4 30. Re5 Rdf6 31. Qe2 Kg7 32. c3 Ne3 33. Bxe3 dxe3 34. Qxe3
Rxf4 35. Re6 Qc7 36. Rd1 R4f5 37. Rdd6 g5 38. Qe2 Rf1+ 39. Kh2 R1f5 40. Qh5 Kg8
41. Qg6+ Kf8 42. Qh6+ Rg7 43. Kg1 Kg8 44. Qh5 Rf8 45. Rh6 1-0

[Event "CAN-op"]
[Site "Kitchener CAN"]
[Date "2006.07.17"]
[Round "3"]
[White "Cunningham, Ross"]
[Black "Solis, Jaime"]
[Result "1-0"]
[WhiteElo "1517"]
[BlackElo "1805"]
[PlyCount "145"]
[EventDate "2006.07.15"]
[EventType "swiss"]
[EventRounds "9"]
[EventCountry "CAN"]

1. e4 e5 2. f4 d5 3. exd5 Qxd5 4. Qe2 Nc6 5. Nc3 Qe6 6. fxe5 Qxe5 7. Qxe5+ Nxe5
8. d4 Nc6 9. Be3 Bb4 10. Bb5 Bd7 11. Nf3 Nge7 12. O-O O-O-O 13. d5 Nb8 14. Ne5
c6 15. dxc6 bxc6 16. Bc4 Be8 17. Bxf7 Bd6 18. Be6+ Kb7 19. Nf7 Bxf7 20. Rxf7
Nd7 21. Ne4 Kc7 22. Rd1 Nd5 23. Bxd5 cxd5 24. Rxd5 Rhe8 25. Nxd6 Rxe3 26. Rd1
Kc6 27. Nf5 Re5 28. Nd4+ Kc7 29. Rxg7 Rde8 30. Nf3 R5e7 31. Rxe7 Rxe7 32. Rd4
Re2 33. Rc4+ Kb6 34. Kf1 Re6 35. a3 Rf6 36. Ke2 h6 37. b4 Rg6 38. Kf2 Rf6 39.
Kg3 a5 40. Rh4 axb4 41. axb4 Kb5 42. c3 Nb6 43. Ne5 Na4 44. Rh5 Ka6 45. Ng4 Rg6
46. Ra5+ Kb6 47. Rxa4 h5 48. h3 hxg4 49. hxg4 Kb5 50. Ra5+ Kb6 51. Kh4 Rc6 52.
Rc5 Rh6+ 53. Kg5 Rh2 54. Kf6 Rxg2 55. g5 Rf2+ 56. Rf5 Rc2 57. g6 Rxc3 58. g7
Rc8 59. Kg6 Rg8 60. Rf8 Rxg7+ 61. Kxg7 Kb5 62. Rf4 Kc6 63. Kf7 Kb5 64. Ke6 Kc6
65. Rf5 Kb6 66. b5 Kc7 67. Kd5 Kb6 68. Kc4 Kb7 69. Kc5 Ka7 70. b6+ Kb7 71. Kb5
Kc8 72. Kc6 Kd8 73. Re5 1-0

[Event "CAN-op"]
[Site "Kitchener CAN"]
[Date "2006.07.17"]
[Round "3"]
[White "Egorov, Mikhail"]
[Black "Willms, Jeff"]
[Result "0-1"]
[WhiteElo "2047"]
[BlackElo "1936"]
[PlyCount "64"]
[EventDate "2006.07.15"]
[EventType "swiss"]
[EventRounds "9"]
[EventCountry "CAN"]

1. c4 Nf6 2. Nc3 e6 3. e4 d5 4. e5 d4 5. Nb1 Nfd7 6. Nf3 Nc6 7. Qe2 Be7 8. d3
O-O 9. g3 Nc5 10. Bd2 a5 11. Na3 b6 12. Bg2 Bb7 13. Nc2 Qd7 14. O-O Rfd8 15.
Rad1 Na6 16. a3 a4 17. h4 Nc5 18. Nh2 Nxd3 19. Qxd3 Nxe5 20. Qe2 Bxg2 21. Qxe5
Bxf1 22. Nxf1 c5 23. Ne1 b5 24. cxb5 Qxb5 25. Bc1 Bf6 26. Qe4 c4 27. Nh2 d3 28.
Nhf3 Bxb2 29. Bxb2 Qxb2 30. Qxc4 d2 31. Ng2 Qxa3 32. Nxd2 Qb2 0-1

[Event "CAN-op"]
[Site "Kitchener CAN"]
[Date "2006.07.17"]
[Round "3"]
[White "Gokhale, Chandrashekhar"]
[Black "Austria, Federico"]
[Result "1-0"]
[WhiteElo "2371"]
[BlackElo "2135"]
[PlyCount "81"]
[EventDate "2006.07.15"]
[EventType "swiss"]
[EventRounds "9"]
[EventCountry "CAN"]

1. d4 Nf6 2. c4 g6 3. g3 Bg7 4. Bg2 c5 5. d5 d6 6. Nc3 O-O 7. Nf3 Re8 8. O-O
Nbd7 9. h3 Nf8 10. Re1 e6 11. Nd2 e5 12. e4 Kh8 13. Nf1 Ng8 14. a3 a5 15. Rb1
b6 16. b4 axb4 17. axb4 Bd7 18. Qb3 f5 19. Nd2 Qf6 20. Nb5 Rec8 21. Bb2 Bxb5
22. cxb5 Nd7 23. Nc4 h5 24. exf5 gxf5 25. f4 Re8 26. fxe5 dxe5 27. d6 Rad8 28.
Bc6 Qf7 29. Bxd7 Rxd7 30. Bxe5 Rb8 31. Qd3 cxb4 32. Rxb4 Nf6 33. Qxf5 Qd5 34.
Ne3 Qd2 35. Rbb1 Rf8 36. Rbd1 Qa2 37. Ng2 Rdf7 38. Nf4 Nh7 39. Qxh5 Rxf4 40.
Bxf4 Qa3 41. d7 1-0

[Event "CAN-op"]
[Site "Kitchener CAN"]
[Date "2006.07.17"]
[Round "3"]
[White "Huzman, Alexander"]
[Black "Yoos, John"]
[Result "1-0"]
[WhiteElo "2585"]
[BlackElo "2373"]
[PlyCount "89"]
[EventDate "2006.07.15"]
[EventType "swiss"]
[EventRounds "9"]
[EventCountry "CAN"]

1. d4 g6 2. c4 Bg7 3. Nc3 d6 4. e4 Nc6 5. Be3 e5 6. d5 Nce7 7. c5 f5 8. Bb5+
Kf7 9. cxd6 cxd6 10. Nf3 h6 11. Qb3 f4 12. Bd2 g5 13. h3 Ng6 14. O-O-O Nf6 15.
Ne1 Bf8 16. Kb1 Be7 17. Be2 Qf8 18. g3 Bd8 19. h4 gxh4 20. gxf4 exf4 21. Nd3
Qe7 22. Nxf4 Nxf4 23. Bxf4 Ng4 24. Rhg1 Rg8 25. Ka1 Bb6 26. e5 dxe5 27. d6+ Be6
28. dxe7 Bxb3 29. axb3 exf4 30. Rxg4 Rxg4 31. Bxg4 h5 32. Bh3 Kxe7 33. Nd5+ Kf7
34. Nxf4 Bxf2 35. Rf1 Bb6 36. Nxh5+ Ke7 37. Ng7 Kd6 38. Nf5+ Kc5 39. Rf4 Rd8
40. Rxh4 Rd1+ 41. Ka2 Bd8 42. Rc4+ Kb5 43. Ne3 Re1 44. Bf1 Ba5 45. Rc8+ 1-0

[Event "CAN-op"]
[Site "Kitchener CAN"]
[Date "2006.07.17"]
[Round "3"]
[White "Lacau Rodean, Iulia"]
[Black "Laughlin, Steve"]
[Result "0-1"]
[WhiteElo "2071"]
[BlackElo "1997"]
[PlyCount "76"]
[EventDate "2006.07.15"]
[EventType "swiss"]
[EventRounds "9"]
[EventCountry "CAN"]

1. e4 c5 2. Nf3 Nc6 3. d3 d6 4. g3 Nf6 5. Bg2 e6 6. O-O Be7 7. c3 O-O 8. h3 Qc7
9. Re1 e5 10. Na3 h6 11. d4 Kh7 12. d5 Nb8 13. Nh2 g6 14. f4 Nh5 15. Qf3 Ng7
16. fxe5 dxe5 17. Rd1 c4 18. Nc2 f5 19. Qe2 Nh5 20. Nf1 Bc5+ 21. Kh2 f4 22.
gxf4 exf4 23. Bf3 Nd7 24. Nd4 Ne5 25. b4 Ng3 26. Qg2 Bb6 27. Bd2 Bxd4 28. cxd4
Nxf3+ 29. Qxf3 Qd7 30. Qg2 Nxe4 31. Qxe4 Qxh3+ 32. Kg1 f3 33. Qe7+ Kg8 34.
Qxf8+ Kxf8 35. Ne3 Qg3+ 36. Kh1 f2 37. Nf1 Qf3+ 38. Kh2 Qh3# 0-1

[Event "CAN-op"]
[Site "Kitchener CAN"]
[Date "2006.07.17"]
[Round "3"]
[White "McKim, Fred"]
[Black "Wang, David"]
[Result "0-1"]
[WhiteElo "1830"]
[BlackElo "2206"]
[PlyCount "66"]
[EventDate "2006.07.15"]
[EventType "swiss"]
[EventRounds "9"]
[EventCountry "CAN"]

1. e4 c5 2. Nf3 Nc6 3. Bb5 g6 4. O-O Bg7 5. d3 Nd4 6. Nxd4 Bxd4 7. c3 Bg7 8.
Nd2 Nf6 9. Nf3 O-O 10. a4 a6 11. Bc4 d5 12. exd5 Nxd5 13. h3 Nb6 14. Bb3 Bf5
15. Bc2 Qd6 16. a5 Nd5 17. Qe2 Rad8 18. Bg5 Rfe8 19. Ba4 h6 20. Bxe8 hxg5 21.
Bxf7+ Kxf7 22. Nxg5+ Kg8 23. Ne4 Qe5 24. Rad1 Nf4 25. Qe3 c4 26. Qb6 Rxd3 27.
Rxd3 cxd3 28. Nd2 Bxh3 29. Nf3 Qh5 30. Qd8+ Bf8 31. Nh2 Bxg2 32. Re1 Bf3 33.
Re5 Qh3 0-1

[Event "CAN-op"]
[Site "Kitchener CAN"]
[Date "2006.07.17"]
[Round "3"]
[White "Mikanovic, Goran"]
[Black "Kraai, Jesse"]
[Result "1/2-1/2"]
[WhiteElo "2284"]
[BlackElo "2473"]
[PlyCount "112"]
[EventDate "2006.07.15"]
[EventType "swiss"]
[EventRounds "9"]
[EventCountry "CAN"]

1. d4 e6 2. c4 Nf6 3. Nc3 Bb4 4. Qc2 d5 5. cxd5 Qxd5 6. Nf3 Qe4 7. Qb3 Nc6 8.
Bd2 Bxc3 9. Bxc3 O-O 10. e3 Nd5 11. Be2 a5 12. Bd2 a4 13. Qc4 a3 14. b3 Nb6 15.
Qd3 Qxd3 16. Bxd3 Bd7 17. Ke2 Rfc8 18. Rhc1 f6 19. e4 Be8 20. h3 Nd8 21. Rc2 c6
22. g4 Bg6 23. Bb4 Nf7 24. Nh4 e5 25. Nxg6 hxg6 26. Rd2 g5 27. Bc5 Nd7 28. Bc4
Re8 29. f3 b6 30. Bd6 exd4 31. Rxd4 Nf8 32. Rad1 Ne6 33. Bxe6 Rxe6 34. Bg3 Re7
35. Rd7 Ra7 36. Rxe7 Rxe7 37. b4 Ra7 38. Bf2 Ra4 39. Rb1 b5 40. h4 gxh4 41.
Bxh4 Ne5 42. Be1 Kf7 43. Bc3 Ke6 44. f4 Nxg4 45. Rg1 f5 46. exf5+ Kxf5 47. Kf3
Nf6 48. Rg5+ Ke6 49. Rxg7 Nd5 50. Rg6+ Kd7 51. Be5 Rxb4 52. Rd6+ Ke7 53. Rxc6
Rc4 54. Bd6+ Kd7 55. Rxc4 bxc4 56. Bxa3 Nc3 1/2-1/2

[Event "CAN-op"]
[Site "Kitchener CAN"]
[Date "2006.07.17"]
[Round "3"]
[White "Peng, David"]
[Black "Estrada, Julian"]
[Result "1/2-1/2"]
[WhiteElo "2170"]
[BlackElo "2370"]
[PlyCount "33"]
[EventDate "2006.07.15"]
[EventType "swiss"]
[EventRounds "9"]
[EventCountry "CAN"]

1. e4 e5 2. Nf3 Nc6 3. Bc4 Bc5 4. c3 d6 5. d4 exd4 6. cxd4 Bb6 7. Bg5 Nf6 8.
Nc3 h6 9. Bxf6 Qxf6 10. Nd5 Qd8 11. Nxb6 axb6 12. h3 O-O 13. O-O Ne7 14. Qb3 c6
15. a3 b5 16. Bd3 d5 17. e5 1/2-1/2

[Event "CAN-op"]
[Site "Kitchener CAN"]
[Date "2006.07.17"]
[Round "3"]
[White "Predescu, Sebastian"]
[Black "Kagramanov, Dina"]
[Result "1-0"]
[WhiteElo "2222"]
[BlackElo "2076"]
[PlyCount "61"]
[EventDate "2006.07.15"]
[EventType "swiss"]
[EventRounds "9"]
[EventCountry "CAN"]

1. e4 e5 2. Nf3 Nf6 3. Nc3 Nc6 4. d4 exd4 5. Nxd4 Bb4 6. Nxc6 bxc6 7. Bd3 d5 8.
exd5 cxd5 9. O-O O-O 10. Bg5 c6 11. Qf3 Bd6 12. h3 Rb8 13. Rab1 Re8 14. Ne2 h6
15. Bf4 c5 16. b3 Be6 17. Rbd1 Rb6 18. c3 c4 19. Bc2 d4 20. Bxd6 d3 21. Bxd3
Bd5 22. Qg3 cxd3 23. Bc7 dxe2 24. Bxd8 exf1=Q+ 25. Rxf1 Rxd8 26. c4 Bb7 27. Re1
Rd2 28. Qb8+ Kh7 29. Qxa7 Nd7 30. Re7 Rdd6 31. Rxd7 1-0

[Event "CAN-op"]
[Site "Kitchener CAN"]
[Date "2006.07.17"]
[Round "3"]
[White "Stevens, Christian"]
[Black "Ho, Conrad"]
[Result "1-0"]
[WhiteElo "2314"]
[BlackElo "2046"]
[PlyCount "92"]
[EventDate "2006.07.15"]
[EventType "swiss"]
[EventRounds "9"]
[EventCountry "CAN"]

1. Nf3 Nf6 2. c4 c5 3. Nc3 b6 4. g3 Bb7 5. Bg2 g6 6. d4 cxd4 7. Qxd4 Bg7 8. O-O
d6 9. Be3 O-O 10. Qh4 Nbd7 11. Bh6 Rc8 12. b3 Rc5 13. Bxg7 Kxg7 14. Qd4 Qa8 15.
Ne1 Rfc8 16. e4 a6 17. Nd3 R5c7 18. Nd5 Bxd5 19. cxd5 Qa7 20. Nb4 b5 21. Qxa7
Rxa7 22. f3 Nb8 23. Rfc1 Rac7 24. Nd3 Nfd7 25. Bh3 Kf8 26. Rxc7 Rxc7 27. Rc1
Rxc1+ 28. Nxc1 b4 29. Kf2 Ke8 30. Ke3 Kd8 31. Nd3 a5 32. Kd4 Nb6 33. f4 Na6 34.
Nb2 Nc5 35. Bg2 Kc7 36. Nc4 Nxc4 37. Kxc4 Kb6 38. h4 Na6 39. g4 Nc7 40. g5 Nb5
41. Bf3 Na3+ 42. Kd3 Kc5 43. h5 Nb5 44. h6 Kb6 45. f5 Kc7 46. fxg6 fxg6 1-0

[Event "CAN-op"]
[Site "Kitchener CAN"]
[Date "2006.07.17"]
[Round "3"]
[White "Swathi, Ghate"]
[Black "Demmery, Steve"]
[Result "1-0"]
[WhiteElo "2379"]
[BlackElo "2097"]
[PlyCount "97"]
[EventDate "2006.07.15"]
[EventType "swiss"]
[EventRounds "9"]
[EventCountry "CAN"]

1. e4 c5 2. Nf3 Nc6 3. d4 cxd4 4. Nxd4 Qb6 5. Nb3 Nf6 6. Bd3 e6 7. O-O Be7 8.
Nc3 d6 9. a4 a6 10. a5 Qd8 11. Be3 Nd7 12. Na4 O-O 13. f4 Qc7 14. Rf3 Nb4 15.
Nb6 Rb8 16. Nxd7 Bxd7 17. Rh3 g6 18. Bb6 Qc8 19. Qd2 Nxd3 20. f5 Nf4 21. Qxf4
g5 22. Qg4 f6 23. Rc3 exf5 24. exf5 Bc6 25. Nd4 Qd7 26. Nxc6 bxc6 27. Qc4+ d5
28. Qxc6 Qxf5 29. Rf1 Qe4 30. Re3 Qb4 31. Qxd5+ Kh8 32. c3 Qd6 33. Rd3 Rxb6 34.
axb6 Qxb6+ 35. Kh1 Rd8 36. Qe4 Rxd3 37. Qxd3 Qxb2 38. Rb1 Qa2 39. Re1 a5 40.
Qd7 Bf8 41. Qe8 Kg7 42. Rd1 Qa3 43. h4 gxh4 44. Rd7+ Kh6 45. Qe4 Qc1+ 46. Kh2
Qxc3 47. Qxh7+ Kg5 48. Rd5+ Kf4 49. Qf5+ 1-0

[Event "CAN-op"]
[Site "Kitchener CAN"]
[Date "2006.07.17"]
[Round "3"]
[White "Walker, Adrian"]
[Black "Henry, Liam"]
[Result "0-1"]
[WhiteElo "1792"]
[BlackElo "2090"]
[PlyCount "46"]
[EventDate "2006.07.15"]
[EventType "swiss"]
[EventRounds "9"]
[EventCountry "CAN"]

1. e4 c5 2. Nf3 d6 3. d4 cxd4 4. Nxd4 Nf6 5. Nc3 a6 6. Bg5 e6 7. f4 Be7 8. Qf3
Qc7 9. g4 Nbd7 10. O-O-O h6 11. Bxf6 Bxf6 12. h4 Qb6 13. Nde2 Nc5 14. g5 Be7
15. Rg1 g6 16. h5 hxg5 17. hxg6 fxg6 18. fxg5 Bd7 19. Nf4 Nb3+ 20. cxb3 Qxg1
21. Nxe6 Rc8 22. Ng7+ Kd8 23. Bxa6 Qxg5+ 0-1